[Event "Internet Section 06A g/8'+2\""]
[Site "Dos Hermanas"]
[Date "2004.03.06"]
[Round "2"]
[White "Ferhat Tamur, Ali"]
[Black "Bolanos Vizcarra, Felix"]
[Result "0-1"]
[WhiteElo "2414"]
[BlackElo "2054"]
[PlyCount "60"]
[EventDate "2004.03.06"]
[EventType "swiss (blitz)"]
[EventRounds "9"]
[EventCountry "ESP"]
[SourceTitle "CBM 099 Extra"]
[Source "ChessBase"]
[SourceDate "2004.05.04"]
[SourceVersion "1"]
[SourceVersionDate "2004.05.04"]
[SourceQuality "1"]

1. d4 d5 2. c4 dxc4 3. Nf3 Nf6 4. e3 e6 5. Bxc4 c5 6. 0-0 a6 7. Qe2 b5 8. Bd3 Nc6 9. a3 cxd4 10. exd4 Nxd4 11. Nxd4 Qxd4 12. Rd1 Qb6 13. Bg5 Be7 14. Nc3 Bb7 15. Ne4 Nxe4 16. Bxe7 Nxf2 17. Qxf2 Qxf2+ 18. Kxf2 Kxe7 19. Ke3 g6 20. g3 Rhd8 21. h4 Rd6 22. g4 Rad8 23. g5 f5 24. gxf6+ Kxf6 25. Rf1+ Ke7 26. Be2 Rd5 27. Rf2 Re5+ 28. Kf4 Rd4+ 29. Kg3 Re3+ 30. Kh2 Rxh4+ 0-1

[Event "Internet Section 06A g/8'+2\""]
[Site "Dos Hermanas"]
[Date "2004.03.06"]
[Round "8"]
[White "Ferhat Tamur, Ali"]
[Black "Karjakin, Sergey"]
[Result "0-1"]
[WhiteElo "2422"]
[BlackElo "2562"]
[PlyCount "124"]
[EventDate "2004.03.06"]
[EventType "swiss (blitz)"]
[EventRounds "9"]
[EventCountry "ESP"]
[SourceTitle "CBM 099 Extra"]
[Source "ChessBase"]
[SourceDate "2004.05.04"]
[SourceVersion "1"]
[SourceVersionDate "2004.05.04"]
[SourceQuality "1"]

1. d4 d5 2. c4 c6 3. Nf3 Nf6 4. Nc3 e6 5. cxd5 exd5 6. Qc2 g6 7. Bg5 Be7 8. e3 Bf5 9. Qb3 Qb6 10. Rc1 Nbd7 11. Be2 Qxb3 12. axb3 Ne4 13. Bxe7 Kxe7 14. Nd2 Nxd2 15. Kxd2 Be6 16. Na4 h5 17. h4 Kd6 18. Ra1 b6 19. b4 a5 20. bxa5 Rxa5 21. b4 Ra7 22. Nc3 Rha8 23. Rxa7 Rxa7 24. Rb1 Ra3 25. Bd3 b5 26. Kc2 Nb6 27. Kb2 Ra8 28. Ra1 Nc4+ 29. Bxc4 Rxa1 30. Kxa1 bxc4 31. Kb2 f6 32. Ka3 g5 33. g3 Bd7 34. Kb2 Ke6 35. Kc2 Kf5 36. f3 Ke6 37. Kd2 Kd6 38. Ke2 Bf5 39. Kf2 Bd3 40. Kg2 Ke6 41. Kf2 Kf5 42. Ke1 Kg6 43. Kd2 Bf5 44. e4 dxe4 45. fxe4 Bd7 46. Ke3 f5 47. d5 cxd5 48. exd5 Kf6 49. hxg5+ Kxg5 50. b5 Kf6 51. Kf4 Ke7 52. Ke5 Kd8 53. Kd4 f4 54. gxf4 h4 55. Ke3 Kc7 56. Kf3 Kb6 57. d6 Kc5 58. f5 Bxf5 59. Kf4 Bd7 60. Ke5 h3 61. Ne4+ Kxb5 62. Nf6 h2 0-1